000 00283nam a22001337a 4500
008 170522b xxu||||| |||| 00| 0 eng d
020 _a0881330604
041 _aeng
080 _a94(6)
100 _a16
101 _aSHH
245 _aTHE KAGURU
_cBEIDELMAN, T.O
942 _2udc
_cBK
999 _c13712
_d13712